000 00868nam a2200265Ia 4500
003 GCL
008 140319s9999 xx 000 0 ara d
040 _aGCL /
_cGCL
082 0 4 _a818.03
_bو م
100 1 _aولى الدين يكن
245 1 0 _aالمعلوم والمجهول /
_cولى الدين يكن
260 _a[S.N] :
_bدار صادر ،
_c1909
300 _a161 ص
490 _a
650 0 4 _aالحرية
650 0 4 _aالصحافة المصرية
650 0 4 _aالصحافة العربية
650 0 4 _aالاحتلال البريطانى
650 0 4 _aالتنوير
650 0 4 _aالخديوى عباس حلمى الثانى
650 0 4 _aولى الدين يكن
650 0 4 _aمصر - حزب الاحرار الدستوريين
650 0 4 _aمصر - تاريخ - العصر الحديث (1805 - 1956 )
942 _2ddc
_cBK
999 _c37354
_d37354